000
00328nam a2200157Ia 4500
008
210210b1949 xxu||||| |||| 00| 0 eng d
041
_a
eng
082
_a
872/141
100
_a
-
245
_a
Sahithya ranjini
260
_a
_b
-
_c
1949
650
_a
Sahithya
650
_a
ranjini
690
_a
Malayalam
906
_a
002525
999
_c
124496
_d
124496